[Event "Play for Durgesh Fundraiser Blitz"]
[Site "Vishy Anand Arena"]
[Date "2020.09.19"]
[Round "9"]
[White "Stuti_Bhatt"]
[Black "shreyansh1"]
[Result "1-0"]
[WhiteElo "1458"]
[BlackElo "1521"]
[Annotator "NA"]
[PlyCount "99"]
[EventDate "2020.09.19"]
[EventType "swiss (blitz)"]

1. e4 e5 2. Nc3 Nf6 3. f4 exf4 4. e5 Qe7 5. d4 d6 6. Bxf4 dxe5 7. dxe5 Bg4 8. Be2 Bxe2 9. Qxe2 Nfd7 10. Nd5 Qc5 11. e6 Qxd5 12. exd7+ Kxd7 13. Rd1 Qxd1+ 14. Qxd1+ Bd6 15. Bxd6 Re8+ 16. Kf2 cxd6 17. Qg4+ Kc6 18. Qc4+ Kb6 19. Qb3+ Kc6 20. Qxf7 Nd7 21. Ne2 Rf8 22. Nd4+ Kc5 23. Ne6+ Kb5 24. Nxf8 Rxf8 25. Qxf8 Nxf8 26. Re1 Ng6 27. Re8 Kc4 28. Ra8 Ne5 29. Rxa7 Ng4+ 30. Kg3 Ne3 31. Rxb7 Kd5 32. Rb5+ Kc4 33. Rb7 Nxc2 34. Rxg7 Nb4 35. Rxh7 Nxa2 36. Rh4+ Kd3 37. Rh6 d5 38. Rd6 d4 39. h4 Ke3 40. h5 Nb4 41. h6 d3 42. h7 Nc6 43. Rxc6 d2 44. h8=Q Ke2 45. Qe8+ Kd1 46. Qd7 Ke2 47. Rd6 Kf1 48. Rxd2 Ke1 49. Rd1+ Ke2 50. Qd2# 1-0

[Event "Play for Durgesh Fundraiser Blitz"]
[Site "Vishy Anand Arena"]
[Date "2020.09.19"]
[Round "9"]
[White "Mithilesh2009"]
[Black "TOY 2"]
[Result "0-1"]
[WhiteElo "1448"]
[BlackElo "1630"]
[Annotator "NA"]
[PlyCount "86"]
[EventDate "2020.09.19"]
[EventType "swiss (blitz)"]

1. e4 c5 2. Nf3 d6 3. d4 cxd4 4. Nxd4 Nf6 5. Nc3 Nc6 6. Nxc6 bxc6 7. Bg5 e6 8. Bxf6 gxf6 9. Bd3 e5 10. O-O Rg8 11. Bc4 f5 12. Qh5 Qf6 13. Qxh7 Rg7 14. Qh5 f4 15. g3 fxg3 16. fxg3 Qe7 17. Rf2 Be6 18. Bxe6 Qxe6 19. Raf1 Be7 20. Qh8+ Bf8 21. Rf6 Qe7 22. Qh4 Kd7 23. Qh5 Qe8 24. Rxf7+ Rxf7 25. Rxf7+ Be7 26. Qf5+ Kc7 27. Qe6 Kd8 28. b4 Qd7 29. Qxd7+ Kxd7 30. b5 Ke6 31. Rh7 cxb5 32. Nxb5 Rb8 33. Nc7+ Kd7 34. Na6 Rb2 35. h4 Rxc2 36. a4 Rc4 37. Nb8+ Ke6 38. Rh6+ Bf6 39. g4 Kf7 40. g5 Be7 41. Rh7+ Ke8 42. g6 Rxe4 43. g7 Rg4+ 0-1

[Event "Play for Durgesh Fundraiser Blitz"]
[Site "Vishy Anand Arena"]
[Date "2020.09.19"]
[Round "9"]
[White "Anshuman Upadhyay"]
[Black "NJ2004"]
[Result "0-1"]
[WhiteElo "1446"]
[BlackElo "1598"]
[Annotator "NA"]
[PlyCount "78"]
[EventDate "2020.09.19"]
[EventType "swiss (blitz)"]

1. e4 c6 2. d4 d5 3. e5 c5 4. Nf3 Nc6 5. Nc3 Bg4 6. Be2 e6 7. h4 Bxf3 8. Bxf3 cxd4 9. Nb5 Qa5+ 10. Qd2 Qxb5 11. a4 Qb4 12. c3 dxc3 13. bxc3 Qc4 14. Be2 Qe4 15. O-O Qxh4 16. f4 Bc5+ 17. Rf2 Bxf2+ 18. Kf1 Bg3 19. Qe3 Qh1+ 20. Qg1 Qxg1+ 21. Kxg1 Nge7 22. Be3 Nf5 23. Bd2 O-O 24. Rb1 b6 25. Bb5 Rac8 26. Ba6 Rc7 27. Bb5 Rd8 28. Rd1 d4 29. Bxc6 Rxc6 30. cxd4 Nxd4 31. Kh1 Rc2 32. Be3 Nc6 33. Rxd8+ Nxd8 34. f5 exf5 35. e6 Nxe6 36. Bg1 Nf4 37. a5 Rc1 38. axb6 Ne2 39. b7 Rxg1# 0-1

[Event "Play for Durgesh Fundraiser Blitz"]
[Site "Vishy Anand Arena"]
[Date "2020.09.19"]
[Round "9"]
[White "Sans360"]
[Black "LegendBoy6"]
[Result "0-1"]
[WhiteElo "1425"]
[BlackElo "1536"]
[Annotator "NA"]
[PlyCount "92"]
[EventDate "2020.09.19"]
[EventType "swiss (blitz)"]

1. e4 e6 2. d4 d5 3. e5 c5 4. c3 Nc6 5. Nf3 Qb6 6. a3 Nge7 7. Bd3 cxd4 8. cxd4 Bd7 9. b4 Nxd4 10. Nxd4 Qxd4 11. Ra2 Nc6 12. Bb2 Qb6 13. O-O d4 14. Re1 a5 15. b5 Na7 16. a4 Bb4 17. Re4 Bc5 18. Bc4 O-O-O 19. Bxd4 Bxd4 20. Rxd4 Bxb5 21. Rxd8+ Rxd8 22. Qc2 Bxc4 23. Qxc4+ Kb8 24. Nc3 Rc8 25. Qd3 Rxc3 26. Qf1 Rb3 27. Re2 Rb1 28. Re1 Rxe1 29. Qxe1 Qc5 30. h3 Qd5 31. Kh2 Nc6 32. g3 Qxe5 33. Qxe5+ Nxe5 34. Kg2 Nd3 35. Kf3 Nb2 36. Ke3 Nxa4 37. Kd3 Nb6 38. Kc3 a4 39. Kb4 f5 40. Kb5 a3 41. Kxb6 a2 42. Kc5 a1=Q 43. Kd6 Qf6 44. Kc5 e5 45. Kb4 e4 46. Kb3 e3 0-1

[Event "Play for Durgesh Fundraiser Blitz"]
[Site "Vishy Anand Arena"]
[Date "2020.09.19"]
[Round "9"]
[White "SatvikCV"]
[Black "Ghostly"]
[Result "1-0"]
[WhiteElo "1422"]
[BlackElo "1309"]
[Annotator "NA"]
[PlyCount "53"]
[EventDate "2020.09.19"]
[EventType "swiss (blitz)"]

1. e4 e5 2. Nf3 Nc6 3. Bc4 Nf6 4. Ng5 Bc5 5. O-O O-O 6. Nc3 d6 7. h3 Bd7 8. Nd5 Nxd5 9. exd5 Nd4 10. c3 Nf5 11. Qh5 h6 12. Nf3 a6 13. Bd3 Ne7 14. Bc2 c6 15. dxc6 Bxc6 16. d4 exd4 17. cxd4 Bb6 18. Qg4 Nd5 19. Bxh6 g6 20. Bxf8 Qxf8 21. Ng5 Nf6 22. Qh4 Qd8 23. Qh6 Bxd4 24. Bxg6 Be8 25. Bh7+ Kh8 26. Qf8+ Ng8 27. Qxg8# 1-0

[Event "Play for Durgesh Fundraiser Blitz"]
[Site "Vishy Anand Arena"]
[Date "2020.09.19"]
[Round "9"]
[White "Tigerchamp"]
[Black "Hmota"]
[Result "1-0"]
[WhiteElo "1421"]
[BlackElo "1461"]
[Annotator "NA"]
[PlyCount "147"]
[EventDate "2020.09.19"]
[EventType "swiss (blitz)"]

1. e4 e5 2. Nc3 d6 3. Nf3 Bg4 4. Bc4 h6 5. h3 Bxf3 6. Qxf3 Nf6 7. Nd5 Be7 8. Nxf6+ Bxf6 9. Rg1 O-O 10. g4 g5 11. d3 Qe7 12. h4 Kh7 13. hxg5 Bxg5 14. Bxg5 Qxg5 15. Qf5+ Qxf5 16. gxf5 f6 17. O-O-O Nc6 18. Rg2 Rg8 19. Rdg1 Rxg2 20. Rxg2 Nd4 21. c3 Nf3 22. Rg3 Nh4 23. d4 a6 24. dxe5 dxe5 25. Bd5 c6 26. Be6 Rd8 27. f3 Rd3 28. Kc2 Rxf3 29. Rxf3 Nxf3 30. Kd3 Nh4 31. a4 Ng2 32. Ke2 Nf4+ 33. Kf3 h5 34. Kg3 Kh6 35. b4 Kg5 36. c4 h4+ 37. Kh2 Kg4 38. b5 h3 39. bxc6 bxc6 40. Bd7 c5 41. Bb5 a5 42. Bc6 Ne2 43. Bd5 Kf3 44. Kxh3 Nc3 45. Kh4 Nxa4 46. Kh5 Nc3 47. Kg6 Nxd5 48. cxd5 a4 49. d6 a3 50. d7 a2 51. d8=Q a1=Q 52. Qd3+ Kf2 53. Qd2+ Kf1 54. Qd3+ Kg1 55. Qe3+ Kf1 56. Qf3+ Ke1 57. Qh1+ Kd2 58. Qxa1 Ke3 59. Qe1+ Kd4 60. Kxf6 c4 61. Qd2+ Kc5 62. Qd5+ Kb4 63. Qxc4+ Kxc4 64. Kxe5 Kd3 65. f6 Ke3 66. f7 Ke2 67. f8=Q Ke1 68. Kd6 Ke2 69. e5 Ke3 70. e6 Kd3 71. e7 Kc2 72. e8=Q Kb3 73. Qf3+ Ka2 74. Qee2+ 1-0

[Event "Play for Durgesh Fundraiser Blitz"]
[Site "Vishy Anand Arena"]
[Date "2020.09.19"]
[Round "9"]
[White "Aayush NPS"]
[Black "Parth11"]
[Result "0-1"]
[WhiteElo "1420"]
[BlackElo "1421"]
[Annotator "NA"]
[PlyCount "86"]
[EventDate "2020.09.19"]
[EventType "swiss (blitz)"]

1. d4 d5 2. Nc3 c5 3. Nf3 Nf6 4. dxc5 Nc6 5. e4 d4 6. Nd5 Nxd5 7. exd5 Qxd5 8. b3 e5 9. Bc4 Qe4+ 10. Qe2 Qxe2+ 11. Bxe2 Bxc5 12. O-O e4 13. Ng5 Bf5 14. f3 d3+ 15. Kh1 dxe2 16. Re1 exf3 17. gxf3 Be6 18. Nxe6 fxe6 19. Rxe2 O-O 20. Rxe6 Rxf3 21. Bd2 Rf2 22. Rae1 Kf7 23. Be3 Bxe3 24. R1xe3 Rd8 25. Re2 Rd1+ 26. Re1 Rxe1+ 27. Rxe1 Rxc2 28. Kg1 Rxa2 29. Rf1+ Kg8 30. Rd1 Rb2 31. Re1 Kf8 32. Rf1+ Ke8 33. Re1+ Ne7 34. Kf1 Rxb3 35. Kf2 a5 36. Ke2 a4 37. Kd2 a3 38. Kc2 Rb2+ 39. Kc3 b5 40. Rc1 b4+ 41. Kd4 a2 42. Ra1 b3 43. Kc3 Rb1 0-1

[Event "Play for Durgesh Fundraiser Blitz"]
[Site "Vishy Anand Arena"]
[Date "2020.09.19"]
[Round "9"]
[White "Abhishek20082000"]
[Black "Boonrook"]
[Result "0-1"]
[WhiteElo "1418"]
[BlackElo "1360"]
[Annotator "NA"]
[PlyCount "82"]
[EventDate "2020.09.19"]
[EventType "swiss (blitz)"]

1. d4 d5 2. e3 a6 3. c4 c6 4. Nc3 Nf6 5. Nf3 e6 6. a3 Nbd7 7. Ne5 Nxe5 8. dxe5 Nd7 9. f4 Nb6 10. cxd5 cxd5 11. Bd2 Bd7 12. Be2 Be7 13. O-O O-O 14. Bf3 Re8 15. Ne2 Bc6 16. Nd4 Qd7 17. Rc1 Rac8 18. Qb3 Nc4 19. Be1 b5 20. Be2 Nb6 21. Bc3 Bc5 22. Qd1 Bxd4 23. Bxd4 Nc4 24. Bxc4 bxc4 25. b3 Bb5 26. Re1 c3 27. a4 Bc6 28. Rxc3 Bb7 29. Qd2 Rxc3 30. Qxc3 Rc8 31. Qd2 Qc6 32. Rd1 Rc7 33. a5 Bc8 34. b4 Qb5 35. Bc5 Rb7 36. Rc1 Bd7 37. Kf2 h6 38. Kg3 Rc7 39. h4 Bc6 40. Rf1 Qc4 41. Rf3 Qe4 0-1

[Event "Play for Durgesh Fundraiser Blitz"]
[Site "Vishy Anand Arena"]
[Date "2020.09.19"]
[Round "9"]
[White "Adithya s"]
[Black "Nachikethv"]
[Result "1-0"]
[WhiteElo "1415"]
[BlackElo "1544"]
[Annotator "NA"]
[PlyCount "39"]
[EventDate "2020.09.19"]
[EventType "swiss (blitz)"]

1. e4 e6 2. Nf3 d5 3. d3 dxe4 4. dxe4 Qd2+ 5. Qxd2 Nc6 6. Nc3 Nf6 7. Nb5 Bb4 8. c3 Bc5 9. Nxc7+ Kf8 10. Nxa8 Nxe4 11. Qc2 Bxf2+ 12. Ke2 Ke7 13. Qxe4 Rd8 14. Kxf2 Rd2+ 15. Bxd2 Ne5 16. Qxe5 f5 17. Qxg7+ Kd6 18. Bf4+ Kd5 19. Rd1+ Ke4 20. Qe5# 1-0

[Event "Play for Durgesh Fundraiser Blitz"]
[Site "Vishy Anand Arena"]
[Date "2020.09.19"]
[Round "9"]
[White "gskaavya"]
[Black "aaryan jogalekar"]
[Result "1-0"]
[WhiteElo "1410"]
[BlackElo "1451"]
[Annotator "NA"]
[PlyCount "25"]
[EventDate "2020.09.19"]
[EventType "swiss (blitz)"]

1. e4 e5 2. Nf3 Nc6 3. Bc4 Bd6 4. d4 exd4 5. Nxd4 Nxd4 6. Qxd4 Nf6 7. e5 Bb4+ 8. c3 Be7 9. exf6 Bxf6 10. Qe4+ Be7 11. O-O O-O 12. Bd3 d5 13. Qxh7# 1-0

[Event "Play for Durgesh Fundraiser Blitz"]
[Site "Vishy Anand Arena"]
[Date "2020.09.19"]
[Round "9"]
[White "Shreedharlohar"]
[Black "prathameshb"]
[Result "1-0"]
[WhiteElo "1408"]
[BlackElo "1338"]
[Annotator "NA"]
[PlyCount "43"]
[EventDate "2020.09.19"]
[EventType "swiss (blitz)"]

1. e4 c5 2. d4 d6 3. Nf3 Nc6 4. d5 Nd4 5. c4 Nxf3+ 6. Qxf3 Nf6 7. Nc3 e5 8. h3 g6 9. Be2 b6 10. Bg5 Be7 11. O-O Ba6 12. b3 b5 13. cxb5 Bb7 14. a4 Qa5 15. Rfe1 c4 16. Rec1 cxb3 17. Bxf6 Bxf6 18. Qxf6 Rf8 19. Rab1 Qb4 20. b6 b2 21. Bb5+ Bc6 22. Bxc6# 1-0

[Event "Play for Durgesh Fundraiser Blitz"]
[Site "Vishy Anand Arena"]
[Date "2020.09.19"]
[Round "9"]
[White "Chnivas"]
[Black "SAIPRAKASHREDDY"]
[Result "1-0"]
[WhiteElo "1402"]
[BlackElo "1275"]
[Annotator "NA"]
[PlyCount "41"]
[EventDate "2020.09.19"]
[EventType "swiss (blitz)"]

1. e4 e5 2. Nf3 Nc6 3. Bb5 Bc5 4. c3 a6 5. Ba4 b5 6. Bb3 d6 7. O-O Qf6 8. h3 Nh6 9. d4 Qg6 10. Bg5 f6 11. Bxh6 Bxh3 12. Nh4 Qxh6 13. dxc5 Qxh4 14. Qf3 Bg4 15. Qg3 Qg5 16. Bd5 h5 17. Bxc6+ Kd8 18. f3 h4 19. Qxg4 Qe3+ 20. Kh1 Rb8 21. Qd7# 1-0

[Event "Play for Durgesh Fundraiser Blitz"]
[Site "Vishy Anand Arena"]
[Date "2020.09.19"]
[Round "9"]
[White "Believe1996"]
[Black "KaranAbbi"]
[Result "1-0"]
[WhiteElo "1399"]
[BlackElo "1531"]
[Annotator "NA"]
[PlyCount "46"]
[EventDate "2020.09.19"]
[EventType "swiss (blitz)"]

1. d4 Nf6 2. c4 g6 3. Nc3 Bg7 4. Nf3 d6 5. e4 O-O 6. Be2 Bg4 7. O-O Nc6 8. Bg5 Nd7 9. d5 Bxf3 10. Bxf3 Nd4 11. Be3 e5 12. Bxd4 exd4 13. Ne2 Qf6 14. Rb1 Rae8 15. Qd3 Ne5 16. Qb3 d3 17. Nd4 c5 18. dxc6 bxc6 19. Rfd1 a6 20. Qb6 c5 21. Nc6 Nxf3+ 22. gxf3 Qxf3 23. Qxa6 d2 1-0

[Event "Play for Durgesh Fundraiser Blitz"]
[Site "Vishy Anand Arena"]
[Date "2020.09.19"]
[Round "9"]
[White "Invokeanand"]
[Black "Ishaan31"]
[Result "0-1"]
[WhiteElo "1391"]
[BlackElo "1144"]
[Annotator "NA"]
[PlyCount "68"]
[EventDate "2020.09.19"]
[EventType "swiss (blitz)"]

1. d4 d5 2. Nf3 Nc6 3. Nc3 Bf5 4. e3 Nf6 5. Bb5 Qd6 6. Bd2 a6 7. Ba4 b5 8. Bb3 Ne4 9. Nxe4 Bxe4 10. Ng5 a5 11. Nxe4 dxe4 12. a3 a4 13. Ba2 O-O-O 14. O-O Qg6 15. c3 Qh6 16. Rc1 e6 17. c4 Bd6 18. g3 bxc4 19. Qxa4 Kd7 20. d5 exd5 21. Bxc4 dxc4 22. Bc3 Rhe8 23. Rcd1 Qh5 24. Bb4 Qf3 25. Bxd6 cxd6 26. Rd2 Re5 27. Rfd1 Rh5 28. Rd5 Rxd5 29. Rxd5 h5 30. Qb5 h4 31. Qb7+ Ke6 32. Rd2 h3 33. Rxd6+ Rxd6 34. Qxc6 Rxc6 0-1

[Event "Play for Durgesh Fundraiser Blitz"]
[Site "Vishy Anand Arena"]
[Date "2020.09.19"]
[Round "9"]
[White "Nithin2107"]
[Black "Vishvajeet Singh"]
[Result "0-1"]
[WhiteElo "1389"]
[BlackElo "1642"]
[Annotator "NA"]
[PlyCount "60"]
[EventDate "2020.09.19"]
[EventType "swiss (blitz)"]

1. e4 c5 2. Nf3 e6 3. d4 cxd4 4. Nxd4 Nc6 5. Nxc6 bxc6 6. Nc3 d5 7. exd5 cxd5 8. Bb5+ Bd7 9. Bxd7+ Qxd7 10. Be3 Nf6 11. Qd2 Be7 12. O-O-O O-O 13. Bd4 a5 14. Bxf6 Bxf6 15. Ne4 Bxb2+ 16. Kxb2 Qb5+ 17. Kc1 dxe4 18. Qd4 Rab8 19. Kd2 Rfd8 20. Qxd8+ Rxd8+ 21. Ke3 Rxd1 22. Rxd1 f5 23. Rd8+ Kf7 24. Rc8 e5 25. Rc7+ Kf6 26. Rc3 Qb4 27. Rc6+ Kg5 28. g3 f4+ 29. gxf4+ exf4+ 30. Ke2 Qb5+ 0-1

[Event "Play for Durgesh Fundraiser Blitz"]
[Site "Vishy Anand Arena"]
[Date "2020.09.19"]
[Round "9"]
[White "Captain marvel"]
[Black "Beradia"]
[Result "0-1"]
[WhiteElo "1388"]
[BlackElo "1478"]
[Annotator "NA"]
[PlyCount "66"]
[EventDate "2020.09.19"]
[EventType "swiss (blitz)"]

1. e4 d5 2. exd5 Qxd5 3. Nc3 Qd8 4. Nf3 g6 5. d4 Bg7 6. Be3 Nf6 7. Bd3 Nbd7 8. O-O Nb6 9. a4 Nbd5 10. Nxd5 Nxd5 11. Bb5+ c6 12. Bc4 Nxe3 13. fxe3 O-O 14. Ng5 e6 15. Qf3 Qxg5 16. e4 Bd7 17. d5 exd5 18. exd5 cxd5 19. Bxd5 Be6 20. Bxb7 Rab8 21. b3 Qc5+ 22. Kh1 Bxa1 23. Rxa1 Rfd8 24. Rf1 Qxc2 25. Be4 Qb2 26. h3 Rxb3 27. Qf4 Qe2 28. Qf6 Rd1 29. Rxd1 Qxd1+ 30. Kh2 Qd6+ 31. Qf4 Qxf4+ 32. g3 Qf2+ 33. Kh1 Rb1+ 0-1

[Event "Play for Durgesh Fundraiser Blitz"]
[Site "Vishy Anand Arena"]
[Date "2020.09.19"]
[Round "9"]
[White "Ritvik1705"]
[Black "SuhasMrinal"]
[Result "0-1"]
[WhiteElo "1382"]
[BlackElo "1513"]
[Annotator "NA"]
[PlyCount "108"]
[EventDate "2020.09.19"]
[EventType "swiss (blitz)"]

1. d4 Nf6 2. Bf4 e6 3. Nf3 Bb4+ 4. c3 Be7 5. e3 O-O 6. Nbd2 d5 7. Ne5 c5 8. dxc5 Bxc5 9. Bd3 Bd6 10. O-O Bxe5 11. Bxe5 Nc6 12. Bxf6 Qxf6 13. Qh5 Qh6 14. Qxh6 gxh6 15. f4 e5 16. fxe5 Nxe5 17. Be2 Bg4 18. Nf3 Nxf3+ 19. gxf3 Bh3 20. Rfd1 Be6 21. Kf2 Rad8 22. Rd4 f5 23. Rad1 Kg7 24. c4 Kg6 25. cxd5 Bf7 26. e4 fxe4 27. fxe4 Bxd5+ 28. Ke3 Bxe4 29. Kxe4 Rfe8+ 30. Kf3 Rf8+ 31. Ke3 Rde8+ 32. Kd3 Rf6 33. Rg1+ Kf7 34. Rd7+ Re7 35. Rxe7+ Kxe7 36. Rg7+ Kd6 37. Rxh7 Kc6 38. Rh8 Kb5 39. Rc8 Ka6 40. Rd8 b6 41. b4 Rf7 42. a3 Kb5 43. Rd5+ Ka4 44. Kd4 Kxa3 45. Bc4 Rf4+ 46. Ke5 Rxc4 47. Rb5 Rxb4 48. Rxb4 Kxb4 49. h4 a5 50. Kf5 a4 51. Kg6 a3 52. Kxh6 a2 53. Kh5 a1=Q 54. Kg4 Qd4+ 0-1

[Event "Play for Durgesh Fundraiser Blitz"]
[Site "Vishy Anand Arena"]
[Date "2020.09.19"]
[Round "9"]
[White "bhaveshvyas_01"]
[Black "sadhika"]
[Result "0-1"]
[WhiteElo "1379"]
[BlackElo "1606"]
[Annotator "NA"]
[PlyCount "84"]
[EventDate "2020.09.19"]
[EventType "swiss (blitz)"]

1. d4 d5 2. Bf4 Nf6 3. f3 e6 4. Nc3 Bd6 5. Bxd6 Qxd6 6. Qd3 Bd7 7. Nb5 Qb4+ 8. Nc3 Na6 9. a3 Qxb2 10. Rb1 Qxa3 11. Rxb7 O-O 12. e3 Nb4 13. Qd2 Rfd8 14. Be2 Qa1+ 15. Nd1 a5 16. Nh3 Ba4 17. O-O Qa3 18. c3 Nc6 19. Bb5 Bxb5 20. Rxb5 Rdb8 21. Rxb8+ Rxb8 22. Nf4 g5 23. Ne2 a4 24. Nf2 Na5 25. Nd3 Nc4 26. Qc2 Nxe3 27. Qc1 Qxc1 28. Rxc1 a3 29. Ra1 Nc4 30. Kf2 Ra8 31. Nec1 Nd7 32. Na2 Ndb6 33. Ndb4 Na4 34. Nc6 Nab2 35. Ne7+ Kg7 36. Nc6 Kf6 37. Ne5 Nxe5 38. dxe5+ Kxe5 39. f4+ gxf4 40. Re1+ Kf5 41. Nb4 a2 42. Nd3 Nxd3+ 0-1

[Event "Play for Durgesh Fundraiser Blitz"]
[Site "Vishy Anand Arena"]
[Date "2020.09.19"]
[Round "9"]
[White "Onkar Charpilwar"]
[Black "Neevptl"]
[Result "0-1"]
[WhiteElo "1373"]
[BlackElo "1922"]
[Annotator "NA"]
[PlyCount "90"]
[EventDate "2020.09.19"]
[EventType "swiss (blitz)"]

1. e4 c5 2. Nf3 Nc6 3. Bb5 g6 4. d4 cxd4 5. Bxc6 dxc6 6. Nxd4 Bg7 7. Be3 Nf6 8. Nc3 O-O 9. Qd2 e5 10. Nf3 Qxd2+ 11. Bxd2 Re8 12. O-O-O Bg4 13. h3 Bd7 14. Bg5 Be6 15. Rde1 h6 16. Bxf6 Bxf6 17. g4 Bg7 18. g5 h5 19. Nh4 Red8 20. Rd1 Kf8 21. f3 Rxd1+ 22. Rxd1 Bxh3 23. Rh1 Be6 24. Ng2 Rd8 25. f4 exf4 26. Nxf4 Bg4 27. Nd3 Bd4 28. Rf1 Be3+ 29. Kb1 Bxg5 30. a3 Ke7 31. Ne5 Be6 32. Nf3 Be3 33. Re1 Bd2 34. Rd1 Bxc3 35. Rxd8 Kxd8 36. bxc3 Ke7 37. Nd4 h4 38. Kc1 h3 39. Nf3 g5 40. Kb1 g4 41. Nh2 g3 42. Nf3 h2 43. Ng5 h1=Q+ 44. Kb2 g2 45. Nxe6 g1=Q 0-1

[Event "Play for Durgesh Fundraiser Blitz"]
[Site "Vishy Anand Arena"]
[Date "2020.09.19"]
[Round "9"]
[White "Iameture123"]
[Black "BalbirSinghRana"]
[Result "1-0"]
[WhiteElo "1367"]
[BlackElo "1576"]
[Annotator "NA"]
[PlyCount "83"]
[EventDate "2020.09.19"]
[EventType "swiss (blitz)"]

1. e4 d5 2. exd5 Nf6 3. Nc3 Nxd5 4. Nxd5 Qxd5 5. d4 e5 6. Nf3 e4 7. Ne5 Nc6 8. Nxc6 Qxc6 9. a4 Bf5 10. Bb5 a6 11. Bxc6+ bxc6 12. O-O Bd6 13. Re1 O-O 14. f3 exf3 15. Qxf3 Bg6 16. Qxc6 Rad8 17. Qxa6 f6 18. Qc4+ Bf7 19. Qd3 c5 20. c3 c4 21. Qc2 Bg6 22. Qe2 Rfe8 23. Qxc4+ Bf7 24. Qf1 Rxe1 25. Qxe1 Re8 26. Qf2 Re4 27. Be3 Rh4 28. Qxh4 g5 29. Bxg5 fxg5 30. Qxg5+ Bg6 31. Qd8+ Bf8 32. a5 Kf7 33. a6 Be7 34. Rf1+ Ke6 35. Qg8+ Kd7 36. a7 Be4 37. Qg4+ Kc7 38. Qxe4 Bd6 39. a8=Q Bc5 40. Qa6 Kd8 41. Rf8+ Kd7 42. Qeb7# 1-0

[Event "Play for Durgesh Fundraiser Blitz"]
[Site "Vishy Anand Arena"]
[Date "2020.09.19"]
[Round "9"]
[White "Bhabnish7"]
[Black "Geethanjali2"]
[Result "0-1"]
[WhiteElo "1358"]
[BlackElo "1430"]
[Annotator "NA"]
[PlyCount "48"]
[EventDate "2020.09.19"]
[EventType "swiss (blitz)"]

1. e4 e5 2. Nf3 Nc6 3. Bc4 Bc5 4. c3 Nf6 5. d3 O-O 6. O-O d6 7. Re1 Be6 8. Bxe6 fxe6 9. d4 exd4 10. cxd4 Bb6 11. Nc3 Re8 12. Be3 Ba5 13. Rc1 Bxc3 14. bxc3 Nxe4 15. Bg5 Nxg5 16. Nxg5 Qxg5 17. Re2 Rad8 18. Qe1 Qf6 19. Rd1 a6 20. d5 Ne5 21. f3 Qg6 22. f4 Nf3+ 23. Kf2 Nxe1 24. Rdxe1 exd5 0-1

[Event "Play for Durgesh Fundraiser Blitz"]
[Site "Vishy Anand Arena"]
[Date "2020.09.19"]
[Round "9"]
[White "Conqueror007"]
[Black "Prateek_thakur"]
[Result "0-1"]
[WhiteElo "1347"]
[BlackElo "1413"]
[Annotator "NA"]
[PlyCount "60"]
[EventDate "2020.09.19"]
[EventType "swiss (blitz)"]

1. d4 d5 2. c4 c6 3. Nc3 Bf5 4. cxd5 cxd5 5. Nf3 Nf6 6. Bf4 e6 7. e3 Bb4 8. Bd3 Bxc3+ 9. bxc3 Be4 10. Bxe4 dxe4 11. Ne5 O-O 12. O-O Nc6 13. Ng4 Nxg4 14. Qxg4 Qf6 15. h4 Qg6 16. Qxg6 fxg6 17. Bg3 Na5 18. f3 exf3 19. Rxf3 Nc4 20. Rxf8+ Kxf8 21. e4 Nd2 22. Re1 Kf7 23. Bf4 Nc4 24. e5 b5 25. Kf2 Rc8 26. Re2 Na3 27. Bd2 Nc4 28. Be1 Na3 29. Ke3 a5 30. Rb2 Nc4+ 0-1

[Event "Play for Durgesh Fundraiser Blitz"]
[Site "Vishy Anand Arena"]
[Date "2020.09.19"]
[Round "9"]
[White "Aryaman_tickoo"]
[Black "S A Serock"]
[Result "0-1"]
[WhiteElo "1342"]
[BlackElo "1461"]
[Annotator "NA"]
[PlyCount "92"]
[EventDate "2020.09.19"]
[EventType "swiss (blitz)"]

1. e4 c5 2. Nf3 d6 3. d4 cxd4 4. Nxd4 Nf6 5. Nc3 g6 6. Be3 Bg7 7. Qd2 O-O 8. Bh6 e5 9. Bxg7 exd4 10. Bxf8 dxc3 11. Qxc3 Kxf8 12. Bd3 Nc6 13. O-O-O Be6 14. f3 Rc8 15. Kb1 a5 16. Bc4 Nb4 17. b3 d5 18. exd5 Nfxd5 19. Qh8+ Ke7 20. Qxd8+ Rxd8 21. a3 Nc3+ 22. Kb2 Nxd1+ 23. Rxd1 Rxd1 24. Bxe6 fxe6 25. axb4 Rd2 26. Kc3 Rxg2 27. bxa5 Rxh2 28. b4 Rf2 29. Kc4 Rxf3 30. Kb5 Rc3 31. a6 bxa6+ 32. Kxa6 Rxc2 33. b5 Rb2 34. b6 e5 35. b7 e4 36. Ka7 e3 37. b8=Q Rxb8 38. Kxb8 e2 39. Kb7 e1=Q 40. Kb6 Qc3 41. Kb7 Kd7 42. Kb8 Qc7+ 43. Ka8 Qc1 44. Kb8 Qb1+ 45. Ka8 Kc7 46. Ka7 Qb7# 0-1

[Event "Play for Durgesh Fundraiser Blitz"]
[Site "Vishy Anand Arena"]
[Date "2020.09.19"]
[Round "9"]
[White "PowerPufGirl"]
[Black "Sahana007"]
[Result "1-0"]
[WhiteElo "1333"]
[BlackElo "1362"]
[Annotator "NA"]
[PlyCount "41"]
[EventDate "2020.09.19"]
[EventType "swiss (blitz)"]

1. d4 d5 2. a3 Nc6 3. h3 Nf6 4. e3 Bf5 5. Bd3 Bxd3 6. Qxd3 e6 7. Nf3 Bd6 8. O-O O-O 9. e4 dxe4 10. Qe3 exf3 11. Qxf3 h6 12. Bxh6 gxh6 13. Nc3 Re8 14. Ne4 Nxe4 15. Qxe4 Bf8 16. Qg4+ Kh8 17. Rfe1 Bg7 18. Re4 Rg8 19. Qg3 Bxd4 20. Qf4 Bxb2 21. Qxh6# 1-0

[Event "Play for Durgesh Fundraiser Blitz"]
[Site "Vishy Anand Arena"]
[Date "2020.09.19"]
[Round "9"]
[White "Chess chess"]
[Black "VK2003"]
[Result "0-1"]
[WhiteElo "1328"]
[BlackElo "1454"]
[Annotator "NA"]
[PlyCount "64"]
[EventDate "2020.09.19"]
[EventType "swiss (blitz)"]

1. d4 d5 2. c4 c6 3. Nc3 Nf6 4. Nf3 e6 5. e3 Bd6 6. Be2 Nbd7 7. O-O O-O 8. c5 Bc7 9. Nd2 e5 10. f3 Re8 11. Nb3 b6 12. cxb6 Bxb6 13. Qc2 exd4 14. Nxd4 c5 15. Ndb5 Ba6 16. Nd6 Bxe2 17. Nxe8 Bxf1 18. Nxf6+ Nxf6 19. Kxf1 d4 20. exd4 cxd4 21. Ne4 Nxe4 22. Qxe4 Rc8 23. Bf4 d3 24. Rd1 Rc2 25. Qxd3 Rf2+ 26. Ke1 Qe7+ 27. Qe4 Qxe4+ 28. fxe4 g6 29. Bg3 Rxg2 30. Rd2 Ba5 31. Kd1 Rxd2+ 32. Ke1 Rxb2+ 0-1

[Event "Play for Durgesh Fundraiser Blitz"]
[Site "Vishy Anand Arena"]
[Date "2020.09.19"]
[Round "9"]
[White "GIRI_CHESSBASE"]
[Black "Harshpatil"]
[Result "1-0"]
[WhiteElo "1328"]
[BlackElo "1426"]
[Annotator "NA"]
[PlyCount "39"]
[EventDate "2020.09.19"]
[EventType "swiss (blitz)"]

1. e4 e5 2. Nf3 Nc6 3. Bc4 Bc5 4. c3 Nf6 5. d4 exd4 6. cxd4 Bb6 7. e5 Ng4 8. h3 Nh6 9. Qb3 d6 10. exd6 cxd6 11. Bxh6 gxh6 12. Bxf7+ Kf8 13. Bh5 Qd7 14. O-O Ba5 15. Nbd2 b6 16. Ne4 Bb7 17. Nf6 Qe7 18. Qd5 Rb8 19. Qf5 Kg7 20. Nd5 1-0

[Event "Play for Durgesh Fundraiser Blitz"]
[Site "Vishy Anand Arena"]
[Date "2020.09.19"]
[Round "9"]
[White "Shashank N D"]
[Black "Tanishagr"]
[Result "0-1"]
[WhiteElo "1309"]
[BlackElo "1365"]
[Annotator "NA"]
[PlyCount "40"]
[EventDate "2020.09.19"]
[EventType "swiss (blitz)"]

1. e4 e5 2. d4 Nc6 3. d5 Nd4 4. Nf3 Nxf3+ 5. Qxf3 Nf6 6. Bg5 Be7 7. Bxf6 Bxf6 8. Nc3 O-O 9. Bd3 c6 10. dxc6 dxc6 11. O-O-O Qc7 12. Kb1 Be6 13. h3 Be7 14. Rhe1 Qb6 15. Ka1 Ba3 16. bxa3 Rad8 17. Rb1 Qd4 18. Rb3 Bxb3 19. axb3 Qxc3+ 20. Ka2 Qxe1 0-1

[Event "Play for Durgesh Fundraiser Blitz"]
[Site "Vishy Anand Arena"]
[Date "2020.09.19"]
[Round "9"]
[White "IshaanKher"]
[Black "Kiyaan0511"]
[Result "1-0"]
[WhiteElo "1295"]
[BlackElo "1289"]
[Annotator "NA"]
[PlyCount "63"]
[EventDate "2020.09.19"]
[EventType "swiss (blitz)"]

1. e4 e5 2. Bc4 Nc6 3. Nf3 Nf6 4. Ng5 d5 5. Bxd5 Nxd5 6. exd5 Qf6 7. dxc6 Qf5 8. cxb7 Bxb7 9. Nf3 Bxf3 10. Qxf3 Qxf3 11. gxf3 Bc5 12. d3 Bd4 13. Nc3 Bxc3+ 14. bxc3 O-O 15. Bb2 Rfe8 16. O-O-O Re7 17. Ba3 Re6 18. d4 exd4 19. Rxd4 Ra6 20. Rhd1 h6 21. Rd8+ Rxd8 22. Rxd8+ Kh7 23. Kb2 Rb6+ 24. Bb4 Rf6 25. Rd7 Rxf3 26. Rxc7 Rxf2 27. Rxa7 Rxh2 28. Rxf7 Rh5 29. c4 Rh4 30. Kb3 Rh5 31. c5 Rh4 32. c6 1-0